00748nam a2200217 a 450000100100000000500170001000800410002704000250006808200150009324501030010826000540021130000170026549000530028250400370033565000250037270000170039770000250041470000200043970000180045983000530047700003535220250611121345.0111027s1964 fr a 000 0 spa d aDO-SdBNPbspacBNPHU a302bD245t00aTraité de psychologie sociale /cRoger Daval, Francois Bourricaud, Yves Delamotte, Roland Doron. aParis :bPresses Universitaires de France,c1964. av. :b20 cm.1 aLogos : introduction aux études philosophiques aBibliografía: v. 2, p. 485-497 0aPsicología social 12aDaval, Roger12aBourricaud, Francois12aDelamotte, Yves12aDoron, Roland 0aLogos : Introduction aux études philosophiques